000 00659 a2200205 4500
001 63116
005 20260407155926.0
008 260407a1964 arg spa d
003 AR-UNSa-BCEJYS
040 _aAR-UNSa-BCEJYS
_bspa
_cAR-UNSa-BCEJYS
080 _a339.5
_xComercio exterior. Comercio Internacional
245 1 0 _aComercio internacional
_pTeoría y política económica
264 1 _aMéxico :
_bUnión Tipográfica Editorial Hispano-Americana (UTEHA)
_c1964
300 _axi, 435 p.
_c23 cm.
041 _aspa
942 _cBK
590 _aniveau_biblio:m niveau_hierar:0
100 1 _aVanek, Jaroslav
700 1 _aFernández Cepero, Manuel de J.
999 _c7998
_d7998